000 00700nam a2200193Ia 4500
999 _c3719
_d3719
003 OSt
005 20200616180623.0
008 191128s1986 ck a gr 000 j spa d
040 _aCO-JMCR
_cCO-JMCR
041 _aspa
082 0 4 _aH /
_bMOIm
245 1 0 _aMoisés :
_bMoisés padre de una nación /
260 _aBogotá :
_bSociedades Bíblicas Unidas,
_c1986
300 _a32 Páginas :
_bilustraciones a color ;
_c 25 cm.
490 _aHéroes de la fe
520 _aDespués de la muerte de Moisés, Josué fue el líder de la nueva nación de Israel cruzando el Río jordán para entrar a la tierra que Dios les habia prometido.
650 1 4 _aHistorias Bíblicas
_95622
942 _2ddc
_cBK